|
|
|
|
| LEADER |
01502nam a2200385 a 4500 |
| 001 |
EBC1244897 |
| 003 |
MiAaPQ |
| 005 |
20200520144314.0 |
| 006 |
m o d | |
| 007 |
cr cn||||||||| |
| 008 |
130718s2013 enka sb 001 0 eng d |
| 020 |
|
|
|z 9780415824736
|
| 020 |
|
|
|a 9780203623534 (electronic bk.)
|
| 035 |
|
|
|a (MiAaPQ)EBC1244897
|
| 035 |
|
|
|a (Au-PeEL)EBL1244897
|
| 035 |
|
|
|a (CaPaEBR)ebr10728248
|
| 035 |
|
|
|a (CaONFJC)MIL502895
|
| 035 |
|
|
|a (OCoLC)851695746
|
| 040 |
|
|
|a MiAaPQ
|c MiAaPQ
|d MiAaPQ
|
| 050 |
|
4 |
|a HD31
|b .O79 2013
|
| 082 |
0 |
4 |
|a 658
|2 23
|
| 100 |
1 |
|
|a O'Shaughnessy, John.
|
| 245 |
1 |
0 |
|a Business organization
|h [electronic resource]
|c John O'Shaughnessy.
|
| 260 |
|
|
|a London ;
|a New York :
|b Routledge,
|c 2013.
|
| 300 |
|
|
|a 1 online resource (198 p.) :
|b ill.
|
| 490 |
0 |
|
|a Routledge Library Editions: Organizations: Theory & Behaviour ;
|v Volume 22
|
| 500 |
|
|
|a "First published in 1966"--T.p. verso.
|
| 504 |
|
|
|a Includes bibliographical references and index.
|
| 533 |
|
|
|a Electronic reproduction. Ann Arbor, MI : ProQuest, 2015. Available via World Wide Web. Access may be limited to ProQuest affiliated libraries.
|
| 588 |
|
|
|a Description based on online resource; title from title page (ebrary, viewed July 18, 2013).
|
| 650 |
|
0 |
|a Organization.
|
| 650 |
|
0 |
|a Industrial organization.
|
| 655 |
|
4 |
|a Electronic books.
|
| 710 |
2 |
|
|a ProQuest (Firm)
|
| 856 |
4 |
0 |
|u https://ebookcentral.proquest.com/lib/matrademy/detail.action?docID=1244897
|z Click to View
|